Se abre la sesión / (Record no. 17217)

MARC details
000 -LEADER
campo de control de longitud fija 00724nam a2200241 i 4500
001 - NÚMERO DE CONTROL
campo de control 17217
003 - IDENTIFICADOR DE NÚMERO DE CONTROL
campo de control ES-MaACL
005 - FECHA Y HORA DE LA ÚLTIMA TRANSACCIÓN
campo de control 20231216062903.0
007 - CAMPO FIJO DE DESCRIPCIÓN FÍSICA--INFORMACIÓN GENERAL
campo de control de longitud fija t|
008 - DATOS DE LONGITUD FIJA--INFORMACIÓN GENERAL
campo de control de longitud fija 010122s1998 sp |||| |dspa d
020 ## - NÚMERO INTERNACIONAL ESTÁNDAR DEL LIBRO
Número Internacional Estándar del Libro 84-08-02363-2
080 ## - NÚMERO DE LA CLASIFICACIÓN DECIMAL UNIVERSAL
Número de la Clasificación Decimal Universal 342.534(460)"18/19"(089.3)
100 1# - ENTRADA PRINCIPAL--NOMBRE DE PERSONA
Nombre de persona Carandell, Luis,
Fechas asociadas al nombre 1929-2002
9 (RLIN) 34959
245 10 - MENCIÓN DEL TÍTULO
Título Se abre la sesión /
Mención de responsabilidad, etc. Luis Carandell.
246 34 - FORMA VARIANTE DEL TITULO
Texto de visualización Tít. de la cub.
Título propio/Titulo breve Las anécdotas del parlamento
250 ## - MENCION DE EDICION
Mención de edición 1ª ed.
260 ## - PUBLICACIÓN, DISTRIBUCIÓN, ETC.
Lugar de publicación, distribución, etc. Barcelona :
Nombre del editor, distribuidor, etc. Planeta,
Fecha de publicación, distribución, etc. 1998.
300 ## - DESCRIPCIÓN FÍSICA
Extensión 282 p. ;
Dimensiones 22 cm.
650 14 - PUNTO DE ACCESO ADICIONAL DE MATERIA--TÉRMINO DE MATERIA
Término de materia o nombre geográfico como elemento de entrada Parlamentarios-
Subdivisión geográfica España-
Subdivisión de forma Anécdotas.
9 (RLIN) 151256
740 4# - ENTRADA AGREGADA--TÍTULO RELACIONADO/ANALÍTICO NO CONTROLADO
Título relacionado o analítico no controlado Las anécdotas del Parlamento.
852 ## - LOCALIZACIÓN
Ubicación ES-MaACL
Número de control de estantería L-24191
Holdings
Estatus retirado Estado de pérdida Estado de daño No para préstamo Biblioteca de origen Biblioteca actual Ubicación en estantería Fecha de adquisición Fuente de adquisición Total de préstamos Signatura topográfica completa Código de barras Visto por última vez Precio de reemplazo Tipo de ítem Koha
        Biblioteca del Ateneo de Madrid Biblioteca del Ateneo de Madrid Depósito 2 17/01/2008     L-24191 1017564 23/02/2023 23/02/2023 Libro impreso